000
00242 a2200097 4500
001
56806
100
_a
245
_a
Magnetohydrodynamics ; historical evolution and trends
260
_a
Netherlands
_b
Sciecne edt
_c
2007
090
_c
34890
_d
34890
942
_a
NUST-CAE
_c
_c
27658
999
_c
291879
_d
291879